MS-Access 2000 in a nutshell / (Record no. 65877)

MARC details
000 -LEADER
fixed length control field 00512nam a22001577a 4500
005 - DATE AND TIME OF LATEST TRANSACTION
control field 20120501121441.0
020 ## - INTERNATIONAL STANDARD BOOK NUMBER
International Standard Book Number 8125909907
Terms of availability 75.00
035 ## - SYSTEM CONTROL NUMBER
System control number B-85673
037 ## - SOURCE OF ACQUISITION
Stock number DPL
Source of stock number/acquisition ENG
100 ## - MAIN ENTRY--PERSONAL NAME
Personal name Saxena, Sanjay
245 ## - TITLE STATEMENT
Title MS-Access 2000 in a nutshell /
Statement of responsibility, etc by Sanjay Saxena
260 ## - PUBLICATION, DISTRIBUTION, ETC. (IMPRINT)
Place of publication, distribution, etc New Delhi
Name of publisher, distributor, etc Vikas Publishing House
Date of publication, distribution, etc 2002
300 ## - PHYSICAL DESCRIPTION
Extent various pages
Dimensions 22 cms.
942 ## - ADDED ENTRY ELEMENTS (KOHA)
Source of classification or shelving scheme Dewey Decimal Classification
Item type English Books
Classification part 004
Call number suffix SAX
Holdings
Withdrawn status Lost status Not for loan Collection code Home library Current library Date acquired Cost, normal purchase price Full call number Barcode Cost, replacement price Koha item type
      Non-fiction Sarojini Nagar Sarojini Nagar 01/05/2012 75.00 004 SAX B-85673 75.00 English Books

© Delhi Public Library
Hit Counter
free hit counter